000 00607nam a2200193Ia 4500
008 151119s9999||||xx |||||||||||||| ||und||
082 _a28.5
082 _bGKKV4604
100 _aदेशपांडे कृ प
245 _aध्येयनिष्ठाच्या कथा
260 _a--
260 _b--
260 _c0
600 _aदेशपांडे कृ प
630 _aध्येयनिष्ठाच्या कथा
700 _aदेशपांडे कृ प
730 _aध्येयनिष्ठाच्या कथा
942 _cBOOK
999 _c1059845
_d1059842